<?xml version="1.0" encoding="UTF-8"?>
<record
    xmlns:xsi="http://www.w3.org/2001/XMLSchema-instance"
    xsi:schemaLocation="http://www.loc.gov/MARC21/slim http://www.loc.gov/standards/marcxml/schema/MARC21slim.xsd"
    xmlns="http://www.loc.gov/MARC21/slim">

  <leader>02874nam a2200289 a 4500</leader>
  <controlfield tag="001">000045177</controlfield>
  <controlfield tag="005">20260428073714.0</controlfield>
  <controlfield tag="008">150206s2014    dr ac   r     001 0 spa d</controlfield>
  <datafield tag="020" ind1=" " ind2=" ">
    <subfield code="a">9789945582154</subfield>
  </datafield>
  <datafield tag="040" ind1=" " ind2=" ">
    <subfield code="a">DO-SdBNP</subfield>
    <subfield code="b">spa</subfield>
    <subfield code="c">BNPHU</subfield>
  </datafield>
  <datafield tag="082" ind1=" " ind2=" ">
    <subfield code="a">RD860.8</subfield>
    <subfield code="b">C744o, 2013</subfield>
  </datafield>
  <datafield tag="111" ind1="1" ind2=" ">
    <subfield code="a">Concurso de Arte y Literatura Bancentral</subfield>
    <subfield code="n">(17 :</subfield>
    <subfield code="d">2013 :</subfield>
    <subfield code="c">Santo Domingo, Rep&#xFA;blica Dominicana)</subfield>
    <subfield code="9">73184</subfield>
  </datafield>
  <datafield tag="245" ind1="1" ind2="0">
    <subfield code="a">Obras premiadas :</subfield>
    <subfield code="b">decimos&#xE9;ptimo concurso de arte y literatura Bancentral 2013.</subfield>
  </datafield>
  <datafield tag="260" ind1=" " ind2=" ">
    <subfield code="a">Santo Domingo :</subfield>
    <subfield code="b">Banco Central de la Rep&#xFA;blica Dominicana, Departamento Cultural,</subfield>
    <subfield code="c">2014.</subfield>
  </datafield>
  <datafield tag="300" ind1=" " ind2=" ">
    <subfield code="a">152 p. :</subfield>
    <subfield code="b">il., retrs. ;</subfield>
    <subfield code="c">22 cm.</subfield>
  </datafield>
  <datafield tag="490" ind1="1" ind2=" ">
    <subfield code="a">Banco Central de la Rep&#xFA;blica Dominicana</subfield>
    <subfield code="v">207</subfield>
  </datafield>
  <datafield tag="490" ind1="1" ind2=" ">
    <subfield code="a">Obras premiadas</subfield>
    <subfield code="v">17</subfield>
  </datafield>
  <datafield tag="500" ind1=" " ind2=" ">
    <subfield code="a">Incluye referencias bibliogr&#xE1;ficas y notas al pie de las p&#xE1;ginas.</subfield>
  </datafield>
  <datafield tag="505" ind1="0" ind2=" ">
    <subfield code="a">Cuento :</subfield>
    <subfield code="g">Primer premio</subfield>
    <subfield code="t">De como se pierde una esposa en Maine /</subfield>
    <subfield code="r">Ariadna Adames Rojas --</subfield>
    <subfield code="g">Segundo premio</subfield>
    <subfield code="t">Locura en secuencia /</subfield>
    <subfield code="r">Narda Cecilia Mariz&#xF3;n M&#xE9;ndez --</subfield>
    <subfield code="g">Tercer premio</subfield>
    <subfield code="t">El &#xED;dolo detr&#xE1;s de la m&#xE1;scara /</subfield>
    <subfield code="r">Juan Pablo Reyez --</subfield>
    <subfield code="g">Mencion de honor</subfield>
    <subfield code="t">Desesperados /</subfield>
    <subfield code="r">Domingo Marte --</subfield>
    <subfield code="g">Menci&#xF3;n de honor</subfield>
    <subfield code="t">El baquin&#xED; /</subfield>
    <subfield code="r">Amarilis Cueto Cabrera --</subfield>
    <subfield code="g">Menci&#xF3;n de honor</subfield>
    <subfield code="t">Retorcida pasi&#xF3;n /</subfield>
    <subfield code="r">Sabrina Hern&#xF3;ndez Batlle --</subfield>
    <subfield code="g">Pintura :</subfield>
    <subfield code="g">Primer premio</subfield>
    <subfield code="t">Copas /</subfield>
    <subfield code="r">Hilda Andre&#xED;na Santo de Rosario --</subfield>
    <subfield code="g">Segundo premio</subfield>
    <subfield code="t">Vendedor de ma&#xED;z /</subfield>
    <subfield code="r">Manuel A. Concepci&#xF3;n --</subfield>
    <subfield code="g">Tercer premio</subfield>
    <subfield code="t">Emulando a los cl&#xE1;sicos 1 /</subfield>
    <subfield code="r">Leyda Lantigua de Mej&#xED;a --</subfield>
    <subfield code="t">Viejo puerto /</subfield>
    <subfield code="r">Manuel A. Concepci&#xF3;n --</subfield>
    <subfield code="t">Limones /</subfield>
    <subfield code="r">Mar&#xED;a Antonia Suero Castillo --</subfield>
    <subfield code="g">Dibujo :</subfield>
    <subfield code="g">Primer premio</subfield>
    <subfield code="t">Universo negro /</subfield>
    <subfield code="r">Jessica Valdez Prats --</subfield>
    <subfield code="g">Segundo premio</subfield>
    <subfield code="t">No te asustes solo observo /</subfield>
    <subfield code="r">Rut Mabel Herrera Ruis --</subfield>
    <subfield code="g">Tercer premio</subfield>
    <subfield code="t">Las ollas en el fog&#xF3;n /</subfield>
    <subfield code="r">Geraldo Amable Pimentel Ram&#xED;rez --</subfield>
    <subfield code="t">Mencion de honor</subfield>
    <subfield code="t">En el parque /</subfield>
    <subfield code="r">Claudia Mariel Grull&#xF3;n --</subfield>
    <subfield code="t">Mencion de honor</subfield>
    <subfield code="t">Estrella en sombras /</subfield>
    <subfield code="r">Juan P&#xE9;rez Hern&#xF3;ndez --</subfield>
    <subfield code="t">Fotoggraf&#xED;a :</subfield>
    <subfield code="g">Primer premio</subfield>
    <subfield code="t">Lo hierro</subfield>
    <subfield code="r">Sabrina Hern&#xE1;ndez Batlle --</subfield>
    <subfield code="g">Segundo premio</subfield>
    <subfield code="t">Sal del pacto /</subfield>
    <subfield code="r">Luisa F. Medina de Fr&#xED;as</subfield>
    <subfield code="g">Tercer premio</subfield>
    <subfield code="t">Topos de metal /</subfield>
    <subfield code="r">Wagner David Figuereo De Jes&#xFA;s --</subfield>
    <subfield code="t">Calor block /</subfield>
    <subfield code="r">Cinthia Mar&#xED;a Mej&#xED;a M&#xE9;ndez --</subfield>
    <subfield code="t">Calma en la salida /</subfield>
    <subfield code="r">Rut Mabel Herrera Ruiz --</subfield>
    <subfield code="t">Pomesa encendidas /</subfield>
    <subfield code="r">Amelia Ortiz Rey --</subfield>
    <subfield code="t">Cansados del camino /</subfield>
    <subfield code="r">Sabrina Hern&#xE1;ndez Batlle --</subfield>
    <subfield code="t">La belleza de la humanidad /</subfield>
    <subfield code="r">Julinette Alexandra Morales B&#xE1;ez --</subfield>
    <subfield code="t">Ganadores del concunrso de arte y literatura del Banco Central de la Rep&#xFA;blica Dominicana --</subfield>
    <subfield code="t">Miembros del jurado del Concurso de Arte y Literatura (1995-2013) --</subfield>
  </datafield>
  <datafield tag="590" ind1=" " ind2=" ">
    <subfield code="a">Inventariado, 2018/BT</subfield>
  </datafield>
  <datafield tag="650" ind1=" " ind2="0">
    <subfield code="a">Cuentos dominicanos</subfield>
    <subfield code="9">176</subfield>
  </datafield>
  <datafield tag="650" ind1=" " ind2="4">
    <subfield code="a">Cert&#xE1;menes literarios</subfield>
    <subfield code="9">1541</subfield>
  </datafield>
  <datafield tag="650" ind1=" " ind2="0">
    <subfield code="a">Literatura dominicana.</subfield>
    <subfield code="9">67</subfield>
  </datafield>
  <datafield tag="650" ind1=" " ind2="0">
    <subfield code="a">Premios literarios </subfield>
    <subfield code="9">1542</subfield>
  </datafield>
  <datafield tag="830" ind1=" " ind2="0">
    <subfield code="a">Obras premiadas ;</subfield>
    <subfield code="v">17</subfield>
    <subfield code="p">Banco Central de la Rep&#xFA;blica Dominicana</subfield>
    <subfield code="n">207</subfield>
    <subfield code="9">73185</subfield>
  </datafield>
  <datafield tag="910" ind1=" " ind2=" ">
    <subfield code="a">Validado. Control de calidad. MFF</subfield>
  </datafield>
  <datafield tag="952" ind1=" " ind2=" ">
    <subfield code="0">0</subfield>
    <subfield code="1">0</subfield>
    <subfield code="7">1</subfield>
    <subfield code="8">PD</subfield>
    <subfield code="a">GR</subfield>
    <subfield code="b">GR</subfield>
    <subfield code="c">HD</subfield>
    <subfield code="d">2015-02-06</subfield>
    <subfield code="i">LF1</subfield>
    <subfield code="l">0</subfield>
    <subfield code="o">RD860.8 C744o, 2013</subfield>
    <subfield code="p">45177-10</subfield>
    <subfield code="r">2020-06-25</subfield>
    <subfield code="w">2020-06-25</subfield>
    <subfield code="y">LFPD</subfield>
    <subfield code="Z">No se presta</subfield>
  </datafield>
  <datafield tag="952" ind1=" " ind2=" ">
    <subfield code="0">0</subfield>
    <subfield code="1">0</subfield>
    <subfield code="7">1</subfield>
    <subfield code="8">PD</subfield>
    <subfield code="a">GR</subfield>
    <subfield code="b">GR</subfield>
    <subfield code="c">HD</subfield>
    <subfield code="d">2015-02-06</subfield>
    <subfield code="i">LF1</subfield>
    <subfield code="l">0</subfield>
    <subfield code="o">RD860.8 C744o, 2013</subfield>
    <subfield code="p">45177-20</subfield>
    <subfield code="r">2020-06-25</subfield>
    <subfield code="t">e. 2</subfield>
    <subfield code="w">2020-06-25</subfield>
    <subfield code="y">LFPD</subfield>
    <subfield code="Z">No se presta</subfield>
  </datafield>
  <datafield tag="952" ind1=" " ind2=" ">
    <subfield code="0">0</subfield>
    <subfield code="1">0</subfield>
    <subfield code="5">4</subfield>
    <subfield code="7">0</subfield>
    <subfield code="8">DS</subfield>
    <subfield code="a">GR</subfield>
    <subfield code="b">GR</subfield>
    <subfield code="c">HD</subfield>
    <subfield code="d">2015-02-06</subfield>
    <subfield code="i">LF1</subfield>
    <subfield code="l">0</subfield>
    <subfield code="o">RD860.8 C744o, 2013</subfield>
    <subfield code="p">45177-30</subfield>
    <subfield code="r">2020-06-25</subfield>
    <subfield code="t">e. 3</subfield>
    <subfield code="w">2020-06-25</subfield>
    <subfield code="y">LFDS</subfield>
    <subfield code="Z">Pr&#xE9;stamo en sala</subfield>
  </datafield>
  <datafield tag="952" ind1=" " ind2=" ">
    <subfield code="0">0</subfield>
    <subfield code="1">0</subfield>
    <subfield code="5">4</subfield>
    <subfield code="7">0</subfield>
    <subfield code="8">DS</subfield>
    <subfield code="a">GR</subfield>
    <subfield code="b">GR</subfield>
    <subfield code="c">HD</subfield>
    <subfield code="d">2018-07-06</subfield>
    <subfield code="i">LF1</subfield>
    <subfield code="l">0</subfield>
    <subfield code="o">RD860.8 C744o, 2013</subfield>
    <subfield code="p">45177-40</subfield>
    <subfield code="r">2020-06-25</subfield>
    <subfield code="t">e. 4</subfield>
    <subfield code="w">2020-06-25</subfield>
    <subfield code="y">LFDS</subfield>
    <subfield code="Z">Pr&#xE9;stamo en sala</subfield>
  </datafield>
  <datafield tag="952" ind1=" " ind2=" ">
    <subfield code="0">0</subfield>
    <subfield code="1">0</subfield>
    <subfield code="5">4</subfield>
    <subfield code="7">0</subfield>
    <subfield code="8">DS</subfield>
    <subfield code="a">GR</subfield>
    <subfield code="b">GR</subfield>
    <subfield code="c">HD</subfield>
    <subfield code="d">2018-07-06</subfield>
    <subfield code="i">LF1</subfield>
    <subfield code="l">0</subfield>
    <subfield code="o">RD860.8 C744o, 2013</subfield>
    <subfield code="p">45177-50</subfield>
    <subfield code="r">2020-06-25</subfield>
    <subfield code="t">e. 5</subfield>
    <subfield code="w">2020-06-25</subfield>
    <subfield code="y">LFDS</subfield>
    <subfield code="Z">Pr&#xE9;stamo en sala</subfield>
  </datafield>
  <datafield tag="999" ind1=" " ind2=" ">
    <subfield code="c">44666</subfield>
    <subfield code="d">44666</subfield>
  </datafield>
</record>
